Don Antonio García Reyes i algunos de sus antepasados, a la luz de documentos inéditos

Saved in:
Bibliographic Details
Main Author: Amunátegui Reyes, Miguel Luis (Author)
Format: Book
Language:Spanish
Published: Santiago Dirección General de Prisiones 1936
Edition:1a. ed
Subjects:
Tags: Add Tag
No Tags, Be the first to tag this record!

MARC

LEADER 00000nam a2200000 a 4500
001 UCJ5072
003 CL-VaPUC
008 070124e19360000CL |||||||||||||||||spa|d
082 0 4 |a 983  |b AMU  |2 21 
100 |a Amunátegui Reyes, Miguel Luis  |e author  |9 342446 
245 1 0 |a Don Antonio García Reyes i algunos de sus antepasados, a la luz de documentos inéditos 
250 |a 1a. ed 
300 |a 6 v 
942 |c BK 
945 |d 20070124 00:00:00  |a rinostro 
260 |a Santiago  |b Dirección General de Prisiones  |c 1936 
500 |a Front. v. 4, retrato de Antonio García Reyes. En biblioteca sólo vs. 4, 5 y 6 
600 0 7 |a GARCIA REYES, ANTONIO  |2 CL-VaPUC  |9 315176 
650 7 |a BIOGRAFIA  |2 CL-VaPUC  |9 504622 
650 0 |a Iconografía   |9 267998 
650 7 |a DISCURSOS PARLAMENTARIOS  |2 CL-VaPUC  |9 504230 
650 0 |a Revoluciones  |9 255713 
650 7 |a NECROLOGIA  |2 CL-VaPUC  |9 504408 
650 7 |a OBRA TRUNCA  |2 CL-VaPUC  |9 509832 
583 |a last modification  |c 20070124 00:00:00  |k Rodrigo Vera 
999 |c 321185  |d 321183 
952 |0 0  |1 0  |4 0  |6 983_000000000000000_AMU_1936  |7 0  |8 X  |9 399867  |a FDOBUD  |b FDOBUD  |d 2019-11-22  |h v.4  |i 1029657  |o 983 AMU 1936  |p 1029657  |r 2019-11-22  |w 2019-11-22  |y BK_X  |k BUD 
952 |0 0  |1 0  |4 0  |6 983_000000000000000_AMU_1936  |7 0  |8 X  |9 399868  |a FDOBUD  |b FDOBUD  |d 2019-11-22  |h v.5  |i 1029649  |o 983 AMU 1936  |p 1029649  |r 2019-11-22  |w 2019-11-22  |y BK_X  |k BUD 
952 |0 0  |1 0  |4 0  |6 983_000000000000000_AMU_1936  |7 0  |8 X  |9 399869  |a FDOBUD  |b FDOBUD  |d 2019-11-22  |h v.6  |i 1029630  |o 983 AMU 1936  |p 1029630  |r 2019-11-22  |w 2019-11-22  |y BK_X  |k BUD